| 000 | 00980cam a22002533a 4500 | ||
|---|---|---|---|
| 001 | 16766 | ||
| 003 | PGUSA | ||
| 005 | 20140828083346.0 | ||
| 008 | 050927s2005||||xxu|||||s|||||000 1 eng d | ||
| 040 |
_aPGUSA _beng |
||
| 042 | _adc | ||
| 050 | 4 | _aPR | |
| 100 | 1 |
_aRoss, Martin, _d1862-1915 |
|
| 245 | 1 | 0 |
_aAll on the Irish Shore : _bIrish Sketches _h[electronic resource] / _cMartin Ross |
| 260 |
_bProject Gutenberg, _c2005 |
||
| 500 | _aIllustrated by E. Somerville. | ||
| 505 | 0 | _aThe tinker's dog -- Fanny Fitz's gamble -- The Connemara mare -- A grand filly -- A nineteenth-century miracle -- High tea at McKeown's -- The bagman's pony -- An Irish problem -- The Dane's breechin' -- "Matchbox" -- "As I was going to Bandon Fair." | |
| 506 | _aPublic domain in the USA. | ||
| 516 | _aElectronic text | ||
| 653 | _aIreland -- Social life and customs -- Fiction | ||
| 830 | 0 |
_aProject Gutenberg _v16766 |
|
| 856 | 4 | 0 | _uhttp://www.gutenberg.org/ebooks/16766 |
| 942 | _cEB | ||
| 999 |
_c246021 _d246021 |
||